000
00306 a2200145 4500
001
174779
020
_a
040
_c
Magnum
100
_a
Albergaria, Lino de
240
1
0
_a
A mao do encantado
_l
por
245
1
0
_a
A mao do encantado
362
0
_a
1899
697
_a
IJ/AVENTURA, CRIANCAS
942
_c
BK
999
_c
174779
_d
174779